000 00564nam a22001937a 4500
003 OSt
005 20260311054732.0
008 260311b |||||||| |||| 00| 0 eng d
020 _a971-08-6616-8.
040 _aDWCL Main lib
_cOC
082 _aFil. 614.1 S211f 2005
100 _aSanchez, Custodiosa A.
245 _aForensic psychology
_cCustodiosa A. Sanchez
260 _aMandaluyong City :
_bNational Book Store,
_cc2005.
300 _aix, 262 p. ;
_c22 cm.
650 _aForensic psychology.
700 _aRey A. Sanchez
942 _2ddc
_cBK - FIL
_kFil.
_n0
999 _c8936
_d8936